000 00488nam a2200181Ia 4500
005 20250317123116.0
008 008 250317s9999 xx 000 0 eng d
037 _aTextbook
040 _aFMSL
_beng
_cFMSL
041 _aeng
_2eng
084 _aX:8 N9
_qFMSL
100 _aWadia M S
_9736376
245 0 _aManagement to the behaviral systems
260 _aLondon
_bLondon, M D A
_c1969
300 _a92p
942 _cTB
_hX:8 N9
999 _c1249891
_d1249891